Classification, remediation and disposal of asbestos contaminated soils (Record no. 83742)

MARC details
000 -LEADER
fixed length control field 00662cab a22002055a 4500
001 - CONTROL NUMBER
control field L154898
008 - FIXED-LENGTH DATA ELEMENTS--GENERAL INFORMATION
fixed length control field 310112s2012 xxk f s 000 0 eng d
035 ## - SYSTEM CONTROL NUMBER
System control number (Sirsi) u154898
041 0# - LANGUAGE CODE
Language code of text/sound track or separate title eng
100 1# - MAIN ENTRY--PERSONAL NAME
Personal name Collins, Dan
245 00 - TITLE STATEMENT
Title Classification, remediation and disposal of asbestos contaminated soils
260 ## - PUBLICATION, DISTRIBUTION, ETC.
Date of publication, distribution, etc. 2012
490 #0 - SERIES STATEMENT
Series statement Building Engineer
Volume/sequential designation 87(2) February 2012, 22-23(2)
520 ## - SUMMARY, ETC.
Summary, etc. Discusses asbestos impacted soils and hazardous waste, asbestos remediation, site management, and health and safety.
590 ## - LOCAL NOTE (RLIN)
Local note KA
651 #4 - SUBJECT ADDED ENTRY--GEOGRAPHIC NAME
Geographic name United Kingdom
Chronological subdivision
690 ## - LOCAL SUBJECT ADDED ENTRY--TOPICAL TERM (OCLC, RLIN)
Topical term or geographic name as entry element Health and safety
9 (RLIN) 6244
690 ## - LOCAL SUBJECT ADDED ENTRY--TOPICAL TERM (OCLC, RLIN)
Topical term or geographic name as entry element Contamination
9 (RLIN) 6231
942 ## - ADDED ENTRY ELEMENTS (KOHA)
Suppress in OPAC 0
Holdings
Withdrawn status Lost status Source of classification or shelving scheme Damaged status Not for loan Home library Current library Shelving location Date acquired Total Checkouts Full call number Barcode Date last seen Copy number Price effective from Koha item type
    Dewey Decimal Classification     London London Journal article 31/01/2012   L154898 154898-1001 06/08/2019 1 06/08/2019 Journal article